000 00695nam a2200289Ia 4500
005 20260324140114.0
008 008 260324s9999 xx 000 0 eng d
020 _a9780203984116
037 _aEBOOK
040 _aCRL
040 _beng
040 _cCRL
041 _2eng
041 _aeng
084 _qCRL
100 _aMal Leicester; Sohan Modgil; Sohan Modgil
245 0 _aInstitutional Issues
245 0 _bPupils, Schools and Teacher Education
260 _bTaylor and Francis
260 _c1999
365 _a
365 _b360
856 _uhttp://www.taylorfrancis.com/books/9780203984116
942 _cEBOOK
999 _c1804851
_d1804851